000 00707nam a2200277Ia 4500
005 20260324124140.0
008 008 260324s9999 xx 000 0 eng d
020 _a9781849775472
037 _aEBOOK
040 _aCRL
040 _beng
040 _cCRL
041 _2eng
041 _aeng
084 _qCRL
100 _aKate Lazarus; Bernadette P. Resurreccion; Nga Dao; Nathan Badenoch
_91173031
245 0 _aWater Rights and Social Justice in the Mekong Region
260 _bTaylor and Francis
260 _c2011
365 _a
365 _b255
856 _uhttp://www.taylorfrancis.com/books/9781849775472
942 _cEBOOK
999 _c1767180
_d1767180